000 00280nam a22001217a 4500
082 _a510
_bDAY/N
100 _aNAND LAL DAYA RAM
245 _aMATHEMATICS PART II
_bCLASS XII
260 _aDELHI
_bNANDLAL DAYARAM
300 _a560
650 _aMATHS FOR CLASS XII
_zINDIA
942 _cBK
999 _c653
_d653